Pirates des caraïbes A-Z - Statistiques

Statistiques générales
  • Ce quiz a été pris 585 fois
  • Le résultat moyen est 10 sur 26
Statistiques - réponses
Lettre Indices Réponse % Correct
B Surnom du père de William Bill le Bottier
83%
F Lieu légendaire recherché dans le 4eme film Fontaine de Jouvence
74%
K Monstre marin sous les ordres de Davy Jones Kraken
72%
U N/A N/A
72%
Y N/A N/A
72%
O Instrument joué par Davy Jones Orgue
62%
L Titre de Cutler Beckett Lord
54%
X Symbole indiquant le lieu d'un trésor sur une carte X
49%
N Destination qui n'est pas indiquée par le compas de Jack Nord
47%
Z Compositeur de nombreuses musiques des différents film Zimmer
46%
T Vêtement de Sparrow lancé par Gibbs suite à la victoire du Pearl face au Hollandais Volant Tricorne
44%
P Lieu où le père d'Elizabeth est gouverneur Port Royal
43%
V Type de magie pratiquée par Calypso Vaudou
38%
J Officier de la marine promit à Elizabeth Swann dans le 1er film James Norrington
34%
C Fille de Barbossa Carina Smyth
29%
I Lieu introuvable excepté par ceux qui savent déjà où il se trouve Ile de la Muerta
29%
R Personnage à l'œil de bois Ragetti
23%
E Père de Jack Sparrow Edward Teague
22%
A Personne à qui Jack Sparrow a promit un navire en dédommagement Anamaria
21%
Q Bateau légendaire de barbe noire Queen Anne's Revenge
21%
H Navire volé à la marine par Turner et Sparrow pour se rendre à Tortuga HMS Intercepteur
19%
G Roi dont Barbossa est le corsaire George II
15%
S L'une des femmes qui gifle Jack Sparrow dans le 1er film Scarlett
13%
D Femme seigneur des pirates lors du 4eme tribunal de la confrérie Dame Ching
11%
W Lieu de capture des sirènes dans le 4eme film Whitecap Bay
11%
M Pièce maudite dans le premier film Médaillon aztèque
3%
Aucun quiz correspondant
Distribution des résultats
% des personnes avec chaque résultat
Percentile par nombre de réponses
Votre historique - résultats
Vous n’avez pas pris ce quiz